| 000 | 00423nam a22001817a 4500 | ||
|---|---|---|---|
| 999 |
_c11382 _d11382 |
||
| 003 | OSt | ||
| 008 | 220615b ||||| |||| 00| 0 eng d | ||
| 020 | _a9788178001647 | ||
| 082 | _a005.43 SUP | ||
| 100 | _aSUNITHA, K. V. N. | ||
| 245 | _aProgramming in Unix and Compiler Design | ||
| 250 | _aEd. | ||
| 260 |
_aHyderabad _bBS Pub. _c2008 |
||
| 300 | _a204 | ||
| 650 | _aCSE | ||
| 700 | _aKALYANI, N | ||
| 942 |
_2ddc _cBK |
||